عرض عادي عرض مارك
  • زمرلي، فواز أحمد

مدخل إسم شخص

عدد التسجيلات المستخدمة في: 2

001 - رقم الضبط

  • حقل الضبط: 845

003 - معرف رقم الضبط

  • حقل الضبط: OSt

005 - تاريخ ووقت أخر عملية

  • حقل الضبط: 20110710142822.0

008 - عناصر بيانات ثابتة الطول

  • حقل تحكم ثابت الطول: 110710|||a|||||| | ||| d

040 ## - مصدر الفهرسة

  • هيئة الفهرسة الأصلية: OSt
  • وكالة الكتابة: OSt

100 ## - مدخل -- أسم شخص

  • إسم شخص: زمرلي، فواز أحمد
  • مصطلح الرابط: محقق.\\

670 ## - بيانات المصدر موجوده

  • الاستشهاد بالمصدر: Work cat.: (OSt)2885: الزرقاني، محمد عبد العظيم. 212, مناهل العرفان في علوم القرآن /, 1419 = 1999